000
00259nam a2200109Ia 4500
008
220204s9999 xx 000 0 und d
082
_a
82-36
_b
POO
100
_a
Poore, Jewel
245
0
_a
Raju and the smugglers
260
_a
Bombay
_b
Suhash
_c
1978
942
_c
BK
999
_c
37491
_d
37491